| 000 | 00712nam a2200229 a 4500 | ||
|---|---|---|---|
| 001 | BRL_816 | ||
| 005 | 20190320210917.0 | ||
| 008 | 091013s2000----mx-#######---#000-0#spa-# | ||
| 041 | _aspa | ||
| 044 | _amx | ||
| 050 | 4 |
_aN6502 _b.E37 2000 |
|
| 100 | 1 |
_aEhrenberg, Felipe _925028 |
|
| 245 | 1 | 0 |
_aEl arte de vivir del arte _bManual para la autoadministración de artistas plásticos _cFelipe Ehrenberg. |
| 260 |
_aMéxico _bBiombo Negro Editores, CONACULTA _c2000 |
||
| 300 |
_a221 p. _c22 cm. |
||
| 500 | _aAu916 | ||
| 500 | _aIncluye dedicatoria a Ruth Lechuga | ||
| 504 | _aBibliografía: p. 217-220 | ||
| 650 | 1 | 4 |
_aArte _xOrientación profesional _zAmérica Latina _925029 |
| 902 | _aGRL | ||
| 942 |
_2lcc _cB |
||
| 999 |
_c9628 _d9628 |
||